00626nam a22001697a 450000500170000001000130001702000260003003500110005603700130006708200110008010000340009124501170012524600830024226000510032527000570037630000230043320211208162352.0 aUR-11360 c400.00a9788182239487 aU-9915 bDBAD/PUB a840.10 aمسز عسکر ی صفد ر  aد کنی ا د ب کے محققين و محسنين(ا بتد اء تا حا ل)cمسز عسکر ی صفد ر  aDakni Adab Ke Muhaqaqeen Wa Muhsaneen(Ibtada Ta Haal) (Urdu)bby Askari Safdar aN.Delhic2011 ءbEducational Publishing House aD1/16,Ansari Road,Darya Ganj,bNew Delhie110002l - a440 ص c22 Cm(Hb)